| 000 | 00400cam a2200157ua 4500 | ||
|---|---|---|---|
| 041 |
_aeng _h |
||
| 082 |
_a823.308 _bHIL/WI |
||
| 100 | _aHill, Drudene . | ||
| 245 |
_aWind and weather permiting / _cDrudene Hill. _hTextual Documents |
||
| 260 |
_aLondon : _bJ M Dent and Sons Ltd , _c1963. |
||
| 300 | _a217 ; . | ||
| 504 | _a | ||
| 650 | _aFiction -English | ||
| 942 | _cBK | ||
| 999 |
_c11386 _d11386 |
||